İçeriği atla
Inicio
Centros participantes
Catálogo
Servicios
Contacto
Giriş
English
Deutsch
Español
Français
Italiano
日本語
Nederlands
Português
Português (Brasil)
中文(简体)
中文(繁體)
Türkçe
עברית
Gaeilge
Cymraeg
Ελληνικά
Català
Euskara
Русский
Čeština
Suomi
Svenska
polski
Dansk
slovenščina
اللغة العربية
বাংলা
Galego
Tiếng Việt
Hrvatski
हिंदी
Հայերէն
Українська
Sámegiella
Dil
Tüm Alanlar
Materyal Adı
Yazar
Konu
Yer Numarası
ISBN/ISSN
Etiket
Ara
Gelişmiş
La Propiedad territorial y el...
Alıntıla
E-posta Gönder
Yazdır
Kaydı İhraç Et
İhraç Et RefWorks
İhraç Et EndNoteWeb
İhraç Et EndNote
Favorilerime ekle
Kalıcı bağlantı
İlk derecelendirmeyi ekleyin
La Propiedad territorial y el régimen de servidumbre en la audiencia de Quito
Kaydedildi:
Detaylı Bibliyografya
Yazar:
Landázuri Camacho, Carlos
Materyal Türü:
Metin
Baskı/Yayın Bilgisi:
Quito:
DHG
Etiketler:
Etiketle
Etiket eklenmemiş, İlk siz ekleyin!
Erişim Bilgileri
Diğer Bilgiler
Yorumlar
Benzer Materyaller
MARC Görünümü
MARC
LEADER
00000 a a2200000 04500
001
24407
003
040
090
|a
175000
100
|a
Landázuri Camacho, Carlos
245
|a
La Propiedad territorial y el régimen de servidumbre en la audiencia de Quito
260
|a
Quito:
|b
DHG
300
|a
pp. 87-97
999
|c
12121
|d
12121
Benzer Materyaller
La revolución de las alcabalas (1592-1593)
Yazar:: Landázuri Camacho, Carlos
El Dr. Antonio de Morga, octavo presidente de la Real Audiencia de Quito 1615 - 1636
Yazar:: Landázuri Camacho, Carlos
El Carácter de la estructura institucional de representación política en el Estado ecuatoriano del siglo XIX
Yazar:: Quintero López, Rafael
Los Hombres y la historia: el Simón Rodríguez de Alfonso Rumazo González
Estrategias de supervivencia en la comunidad Andina